Statistiques concernant Les joueurs français ayant évolué en NBA

Cliquez ici pour prendre le quiz!

Statistiques générales

  • Ce quiz a été pris 265 fois
  • Le résultat moyen est 20 sur 43

Statistiques - réponses

AnnéeJoueurs% Correct
2001 - 2019Tony Parker
95%
2008 - actuelNicolas Batum
87%
2023Victor Wembanyama
87%
2013 - actuelRudy Gobert
86%
2012 - actuelEvan Fournier
84%
2003 - 2017Boris Diaw
82%
2020 - actuelKillian Hayes
81%
2023Bilal Coulibaly
78%
2012 - 2014Nando De Colo
75%
2007 - 2020Joakim Noah
67%
2017 - actuelFrank Ntilikina
62%
2023Rayan Rupert
62%
2020 - actuelThéo Maledon
61%
2023Sidy Cissoko
60%
2019 - 2021Sekou Doumbouya
52%
2022 - actuelOusmane Dieng
51%
2019 - 2021Vincent Poirier
49%
2003 - 2013Mickael Pietrus
48%
2018 - 2020Elie Okobo
47%
2017 - 2019Guerschon Yabusele
45%
2006 - 2008
2013
Mickael Gelabale
44%
2021 - 2022Olivier Sarr
42%
2010 - 2017Kévin Séraphin
40%
2005 - 2015Ronny Turiaf
37%
2016 - 2022Timothé Luwawu-Cabarrot
37%
2014 - 2018Joffrey Lauvergne
36%
2008 - 2011
2013 - 2017
Alexis Ajinça
35%
2007 - 2020Ian Mahinmi
35%
2016 - 2017
2021
Axel Toupane
31%
2009 - 2013Rodrigue Beaubois
29%
2003Antoine Rigaudeau
25%
2020 - 2022Killian Tillie
25%
1997 - 2003Tariq Abdul Wahad
22%
2021 - 2023Yves Pons
20%
2019 - 2022Jaylen Hoard
18%
2021 - 2023Petr Cornelie
18%
2005 - 2013Johan Petro
17%
2011Pape Sy
17%
2006 - 2010Yakhouba Diawara
15%
2019 - 2021Adam Mokoka
14%
2000 - 2005Jérome Moiso
14%
2020William Howard
12%
2015 - 2016Damien Inglis
11%

Distribution des résultats

Percentile par nombre de réponses

% des personnes avec chaque résultat

Votre développement - résultats

Vous n’avez pas pris ce quiz